[Event "Leipzig VfB op 10th"]
[Site "Leipzig"]
[Date "2003.03.16"]
[Round "9"]
[White "Kabutke, Stefan"]
[Black "Liedmann, Hans Joerg"]
[Result "0-1"]
[WhiteElo "1521"]
[BlackElo "1727"]
[PlyCount "98"]
[EventDate "2003.03.11"]
[EventType "swiss"]
[EventRounds "9"]
[EventCountry "GER"]
[SourceTitle "EXT 2008"]
[Source "ChessBase"]
[SourceDate "2007.11.25"]
[SourceVersion "1"]
[SourceVersionDate "2007.11.25"]
[SourceQuality "1"]

1. d4 g6 2. c4 Bg7 3. Nc3 Nf6 4. Nf3 d6 5. e3 0-0 6. Be2 Re8 7. 0-0 c6 8. b3 e5 9. dxe5 Ng4 10. Bb2 Nxe5 11. Rc1 Bf5 12. Na4 Qc7 13. Nxe5 dxe5 14. Qe1 Nd7 15. Rd1 a6 16. Bd3 Bxd3 17. Rxd3 e4 18. Rd2 Bf8 19. Rxd7 Qxd7 20. Nb6 Qd3 21. Nxa8 Rxa8 22. Qc3 Qxc3 23. Bxc3 Rd8 24. Rc1 Bg7 25. Bxg7 Kxg7 26. Kf1 Rd2 27. Ra1 f5 28. Ke1 Rb2 29. Rd1 Kf6 30. Rd2 Rb1+ 31. Rd1 Rxd1+ 32. Kxd1 Ke5 33. Kd2 f4 34. exf4+ Kxf4 35. Ke2 g5 36. Kd2 h5 37. Ke2 g4 38. g3+ Ke5 39. Ke3 a5 40. c5 a4 41. bxa4 Kd5 42. Kf4 Kxc5 43. Kg5 Kb4 44. Kxh5 c5 45. Kxg4 c4 46. h4 c3 47. h5 c2 48. h6 c1Q 49. h7 Qh1 0-1